Abu Al-Nasr Al-Farabi (Record no. 118015)

MARC details
000 -LEADER
fixed length control field 00733nam a2200265 i 4500
001 - CONTROL NUMBER
control field C2-0316911
003 - CONTROL NUMBER IDENTIFIER
control field PPAK
005 - DATE AND TIME OF LATEST TRANSACTION
control field 20180728113052.0
008 - FIXED-LENGTH DATA ELEMENTS--GENERAL INFORMATION
fixed length control field 120809s2011 my a|||| ||||| | may d
020 ## - INTERNATIONAL STANDARD BOOK NUMBER
International Standard Book Number 9789831505175
040 ## - CATALOGING SOURCE
Original cataloging agency PPAK
Language of cataloging eng
Transcribing agency PPAK
Description conventions rda
082 04 - DEWEY DECIMAL CLASSIFICATION NUMBER
Classification number 297.61
Edition number 23
090 00 - LOCALLY ASSIGNED LC-TYPE CALL NUMBER (OCLC); LOCAL CALL NUMBER (RLIN)
Classification number (OCLC) (R) ; Classification number, CALL (RLIN) (NR) 297.61
Feature heading IND
Feature heading K
100 1# - MAIN ENTRY--PERSONAL NAME
Personal name Indie, AM,
Relator term author
245 10 - TITLE STATEMENT
Title Abu Al-Nasr Al-Farabi
264 #1 - PRODUCTION, PUBLICATION, DISTRIBUTION, MANUFACTURE, AND COPYRIGHT NOTICE
Place of production, publication, distribution, manufacture Kuala Lumpur :
Name of producer, publisher, distributor, manufacturer Arus Intelek ,
Date of production, publication, distribution, manufacture, or copyright notice 2011
300 ## - PHYSICAL DESCRIPTION
Extent 24 pages :
Other physical details colour illustrations ;
Dimensions 20 cm
336 ## - CONTENT TYPE
Source rdacontent
Content type term text
337 ## - MEDIA TYPE
Source rdamedia
Media type term unmediated
338 ## - CARRIER TYPE
Source rdacarrier
Carrier type term volume
490 1# - SERIES STATEMENT
Series statement Mengenali ilmuwan Islam
650 10 - SUBJECT ADDED ENTRY--TOPICAL TERM
Topical term or geographic name entry element Scholars, Muslim
830 #0 - SERIES ADDED ENTRY--UNIFORM TITLE
Uniform title Mengenali ilmuwan Islam
942 ## - ADDED ENTRY ELEMENTS (KOHA)
-- dc
Koha item type Book
Holdings
Withdrawn Not for loan Current library Shelving location Date acquired Full call number Barcode Date last seen Koha item type Total Checkouts Date last checked out Total Renewals Checked out
    Perpustakaan Alor Setar Pinjaman Kanak-kanak 30/08/2012 K 297.61 IND A01367466 09/05/2018 Book        
    Perpustakaan Alor Setar Pinjaman Kanak-kanak 30/08/2012 K 297.61 IND A01367467 11/05/2025 Book 1 12/04/2025    
    Perpustakaan Awam Sungai Petani Pinjaman Kanak-kanak 30/08/2012 K 297.61 IND A01367468 21/06/2026 Book 6 21/06/2026 1 12/07/2026
    Perpustakaan Baling Pinjaman Kanak-kanak 30/08/2012 K 297.61 IND A01367471 09/05/2018 Book        
    Perpustakaan Jitra Pinjaman Kanak-kanak 30/08/2012 K 297.61 IND A01367469 09/05/2018 Book        
    Perpustakaan Kulim Pinjaman Kanak-kanak 30/08/2012 K 297.61 IND A01367470 05/07/2025 Book 3 24/06/2025    
    Perpustakaan Merbok Pinjaman Kanak-kanak 30/08/2012 K 297.61 IND A01367472 04/02/2026 Book 1 10/01/2026